Fictional Movie Locations Quiz Stats

 Plays Quiz Updated Jul 19, 2016

Challenge
Share
Tweet
Score 0/26 Timer 07:00
0 Plays Today
% Correct
The Lion King
98%
Peter Pan
96.8%
Batman
95.4%
The Lord of the Rings series
93.3%
The Wizard of Oz
89.8%
Harry Potter series
89.1%
The SpongeBob Movie: Sponge Out of Water
88%
The Little Mermaid
86.8%
Avatar
85.3%
Dr. Seuss' How the Grinch Stole Christmas
80.6%
Star Wars: Return of the Jedi
71.4%
Thor
69.2%
The Hunger Games series
69.1%
% Correct
Superman
68.7%
The Chronicles of Narnia: The Lion, the Witch and the Wardrobe
66.7%
Who Framed Roger Rabbit
63.4%
Sin City
63%
Charlie and the Chocolate Factory
56.8%
Frozen
56.4%
King Kong
55.3%
Alice in Wonderland
50.9%
The Nightmare Before Christmas
48.9%
The Truman Show
47.5%
Friday the 13th
47.5%
The Matrix
42%
Guardians of the Galaxy
37.8%

You're not logged in!

Compare scores with friends on all Sporcle quizzes.
Join for Free
OR
Log In

You Might Also Like...

Show Comments

Extras

Top Quizzes Today


Score Distribution

Your Account Isn't Verified!

In order to create a playlist on Sporcle, you need to verify the email address you used during registration. Go to your Sporcle Settings to finish the process.

Report this User

Report this user for behavior that violates our Community Guidelines.

Details: